000
00295nam a22001217a 4500
008
180109b xxu||||| |||| 00| 0 eng d
041
_a
eng
080
_a
330.101.541
100
_a
52
101
_a
MAK
245
_a
PRICES AND QUANTITIES: A MACROECONOMIC ANALYSIS
_c
OKUN,A.M
942
_2
udc
_c
BK
999
_c
39882
_d
39882